| 000 | 01429cam a2200325 a 4500 | ||
|---|---|---|---|
| 001 | 1511126 | ||
| 003 | OSt | ||
| 005 | 20170306095835.0 | ||
| 008 | 891205s1990 nyu b 001 0 eng | ||
| 010 | _a 89070174 | ||
| 020 | _a0312044747 (set) | ||
| 020 | _a0312044798 (v. 1) | ||
| 020 | _a031204478X (v. 2) | ||
| 040 |
_aDLC _cDLC _dDLC |
||
| 050 | 0 | 0 |
_aPR1109 _b.S66 1990 |
| 082 | 0 | 0 |
_a820.8 _220 |
| 245 | 0 | 0 |
_aSt. Martin's anthologies of English literature / _cgeneral editors, A. Norman Jeffares, Michael Alexander. |
| 260 |
_aNew York : _bSt. Martin's Press, _c1990. |
||
| 300 |
_a5 v. ; _c23 cm. |
||
| 504 | _aIncludes bibliographical references and indexes. | ||
| 505 | 0 | _av. 1. The Middle Ages (700-1550) / edited by Michael Alexander and Felicity Riddy -- v. 2. The Renaissance (1550-1660) / edited by Gordon Campbell -- v. 3. The Restoration and eighteenth century / edited by Ian McGowan -- v. 4. The nineteenth century (1798-1900) / edited by Brian Martin -- v. 5. The twentieth century (1900-present) / edited by Neil McEwan. | |
| 650 | 0 | _aEnglish literature. | |
| 700 | 1 |
_aJeffares, A. Norman _q(Alexander Norman), _d1920- |
|
| 700 | 1 |
_aAlexander, Michael, _d1941- |
|
| 740 | 0 | _aAnthologies of English literature. | |
| 740 | 0 | _aSaint Martin's anthologies of English literature. | |
| 906 |
_a7 _bcbc _corignew _d1 _eopcn _f19 _gy-gencatlg |
||
| 942 |
_2lcc _cBK |
||
| 999 |
_c255984 _d255983 |
||